[Event "10th Parsvnath Open"]
[Site "New Delhi IND"]
[Date "2012.01.22"]
[Round "10.47"]
[White "Ravi,L"]
[Black "Jatinder,K"]
[Result "1-0"]
[WhiteElo "2347"]
[BlackElo "1940"]

1.d4 Nf6 2.c4 e6 3.Nf3 b6 4.a3 Bb7 5.Nc3 Be7 6.d5 d6 7.e4 Nbd7 8.Nd4 e5 9.Nf5 O-O
10.Bd3 Nc5 11.Bc2 a5 12.b3 c6 13.O-O cxd5 14.cxd5 Bc8 15.Nxe7+ Qxe7 16.Rb1 Ba6
17.Re1 Rac8 18.b4 Ne6 19.dxe6 Rxc3 20.exf7+ Kh8 21.bxa5 bxa5 22.Rb6 Qc7 23.Qxd6 Qxd6
24.Rxd6 Rxc2 25.Rxa6 h6 26.Rxa5 Rxf7 27.Rxe5 Ng4 28.Re8+ Kh7 29.f3 Nf2 30.Rd8 Rxf3
31.gxf3 Nh3+ 32.Kh1 Nf2+ 33.Kg2 Nd3+ 34.Kg3 Nxe1 35.Bd2 Nxf3 36.Kxf3 Ra2
37.Rd3 g5 38.e5 Kg6 39.Ke4 h5 40.Rd6+ Kg7 41.Kf5 Rxa3 42.Rd7+ Kg8 43.Bxg5  1-0

[Event "ch-TUR 2012"]
[Site "Kemer TUR"]
[Date "2012.01.29"]
[Round "2"]
[White "Akyuz,Murat"]
[Black "Eminov,O"]
[Result "1/2-1/2"]
[WhiteElo "1900"]
[BlackElo "2216"]

1.d4 Nf6 2.c4 e6 3.Nf3 b6 4.a3 Bb7 5.Nc3 Ne4 6.Qc2 Nxc3 7.Qxc3 Be7 8.e3 O-O
9.Be2 Bf6 10.b4 d6 11.Qc2 c5 12.Bb2 Nd7 13.O-O Rc8 14.Rfd1 cxd4 15.Nxd4 a6
16.Qb3 Qc7 17.Rac1 Rfd8 18.Bf3 h6 19.h3 Qb8 20.Rc2 Bxf3 21.Nxf3 Bxb2 22.Rxb2 b5
23.cxb5 axb5 24.Qd3 d5 25.Rc2 Qb7 26.Rdc1 Rc4 27.Rxc4 dxc4 28.Qd6 Rc8 29.Nd4 Nf6
30.Qe5 Rb8 31.f3 Nd5 32.e4 Ne7 33.Kh1 Qb6 34.Qc5 Qxc5 35.bxc5 e5 36.Ne2 Nc6
37.a4 Na5 38.axb5 Rxb5 39.Nc3 Rxc5 40.Ra1 g6 41.Kg1 f5 42.g3 Kf7 43.Kf2 Ke6
44.h4 h5 45.g4 hxg4 46.fxg4 f4 47.h5 gxh5 48.gxh5 Kf6 49.Rg1 Rc8 50.Rg6+ Kf7
51.Nb5 Rh8 52.Ra6 Nb3 53.Nd6+ Ke7 54.Nxc4 Rxh5 55.Nxe5 Rxe5 56.Kf3 Nc5 57.Kxf4 Rxe4+
58.Kf5 Rb4 59.Ra7+ Nd7 60.Ra1 Rb5+ 61.Ke4 Ke6 62.Rh1 Rb4+ 63.Ke3 Ne5 64.Rh8 Rb3+
65.Ke4 Rb4+ 66.Ke3 Nf7 67.Ra8 Kf5 68.Rf8 Ke6 69.Ra8 Nd6 70.Rh8 Ke5 71.Rh5+ Nf5+
72.Kd3 Rf4 73.Rh8 Rf3+ 74.Kc4 Nd6+ 75.Kc5 Rc3+ 76.Kb4 Rc1 77.Rh2 Ne4 78.Rh8 Kd5
79.Rd8+ Nd6 80.Rd7 Rc8 81.Kb3 Rc5 82.Kb4 Rc4+ 83.Kb3 Rg4 84.Kc3 Kc6 85.Rh7 Ne4+
86.Kd3 Kd5 87.Rh5+ Ng5 88.Ke3 Ke5 89.Kd3  1/2-1/2

[Event "Gibraltar Open"]
[Site "Caleta ENG"]
[Date "2012.01.30"]
[Round "7.69"]
[White "Aranha Filho,A"]
[Black "Jameson,D"]
[Result "1-0"]
[WhiteElo "2307"]
[BlackElo "2077"]

1.d4 e6 2.c4 Nf6 3.Nf3 b6 4.a3 Bb7 5.Nc3 Ne4 6.Nxe4 Bxe4 7.Nd2 Bb7 8.e4 Qf6
9.e5 Qg6 10.Nf3 Be7 11.Be3 d5 12.c5 bxc5 13.dxc5 O-O 14.h4 f6 15.h5 Qe8 16.Bd4 Nd7
17.Rc1 fxe5 18.Nxe5 Nxe5 19.Bxe5 Qf7 20.Qd4 Bc6 21.Rc3 Bf6 22.Rf3 Bxe5 23.Qxe5 Qe7
24.Rhh3 Qxc5 25.Bd3 Qd6 26.Rxf8+ Rxf8 27.Qd4 Qf4 28.Qc5 Ba8 29.h6 d4 30.Qc2 gxh6
31.Rg3+ Kh8 32.Bxh7 e5 33.Bg6 e4 34.Rh3 Rf6 35.Be8 Bd5 36.g3 Qf5 37.Rh4 Qe6
38.Qd2 Kg7 39.Qxd4 Qxe8  1-0

[Event "Moscow Open Women 2012"]
[Site "Moscow RUS"]
[Date "2012.01.30"]
[Round "3.34"]
[White "Sukhareva,E"]
[Black "Utiatskaja,Irina"]
[Result "1-0"]
[WhiteElo "2212"]
[BlackElo "1922"]

1.d4 Nf6 2.c4 e6 3.Nf3 b6 4.a3 Ba6 5.Qc2 Bb7 6.Nc3 c5 7.e4 cxd4 8.Nxd4 Bc5
9.Nb3 Nc6 10.Bf4 e5 11.Be3 Nd4 12.Bxd4 exd4 13.Nd5 O-O 14.O-O-O Rc8 15.Kb1 Bc6
16.Nxd4 Bxd5 17.exd5 Nxd5 18.Nb5 a6 19.Na7 Rc7 20.Rxd5 Rxa7 21.Bd3 h6 22.Bf5 Be7
23.Rhd1 d6 24.f4 Rc7 25.Qe2 Rc5 26.Bc2 Qc7 27.Qe4 f5 28.Qe6+ Kh8 29.Rxc5 bxc5
30.Bxf5 Rf6 31.Qe4 Rf8 32.Qd5 Rb8 33.Rd2 Qa5 34.Be4 Qd8 35.Qf5 Qg8 36.Bd3 Bf6
37.g4 Bd4 38.Re2 g6 39.Qxg6 Qxg6 40.Bxg6 Kg7 41.Be4 Rf8 42.Bf5 Bf6 43.b3 Rb8
44.Kc2 a5 45.Re6 Rd8 46.g5 hxg5 47.fxg5 Be5 48.Re7+ Kf8 49.Rh7 Bg7 50.Rh3 Re8
51.Kd3 Re1 52.Rf3 Be5 53.h4 Rd1+ 54.Ke2 Rh1 55.h5 Rg1 56.g6 Kg7 57.Be6 Kh6
58.Bf7 Rg3 59.Bd5 Rxf3 60.Bxf3 Bb2 61.a4 Bc3 62.Kd3 Be1 63.Ke4 Bc3 64.Kd5 Be5
65.b4 cxb4 66.c5 b3 67.c6  1-0

[Event "Moscow Open A 2012"]
[Site "Moscow RUS"]
[Date "2012.02.01"]
[Round "5"]
[White "Lysyj,I"]
[Black "Iordachescu,V"]
[Result "1-0"]
[WhiteElo "2633"]
[BlackElo "2651"]

1.d4 Nf6 2.c4 e6 3.Nf3 b6 4.a3 Ba6 5.Qc2 c5 6.d5 exd5 7.cxd5 d6 8.Nc3 g6
9.Bf4 Bg7 10.h4 b5 11.e3 O-O 12.h5 b4 13.axb4 Bxf1 14.Kxf1 cxb4 15.Nb5 Nbd7
16.hxg6 hxg6 17.Bxd6 Qb6 18.Qc6 Rfc8 19.Nc7 Rab8 20.Ra6 Qb7 21.Rh4 Nb6 22.Rxb4 Rxc7
23.Raxb6 axb6 24.Qxc7 Qa6+ 25.Kg1 Rc8 26.Ra4 Rxc7 27.Rxa6 Rc8 28.Rxb6 Nxd5
29.Rb5 Nf6 30.Bb4 Ne4 31.Be1 Rc1 32.Kf1 Rb1 33.Nd4 f5 34.Ke2 Nd6 35.Rb6 Bxd4
36.exd4 Nc4 37.Rxg6+ Kf7 38.Rc6 Rxb2+ 39.Kd3 Nb6 40.Bc3 Rb1 41.Rc5  1-0

[Event "Moscow Open 2012 A"]
[Site "Moscow RUS"]
[Date "2012.02.03"]
[Round "7.33"]
[White "Geivondian,Arman"]
[Black "Arun Prasad,S"]
[Result "0-1"]
[WhiteElo "2108"]
[BlackElo "2530"]

1.d4 Nf6 2.c4 e6 3.Nf3 b6 4.a3 Bb7 5.Nc3 d5 6.cxd5 exd5 7.Bf4 Bd6 8.Bg3 O-O
9.e3 a6 10.Bd3 Re8 11.Qc2 c5 12.Bh4 g6 13.O-O c4 14.Be2 b5 15.Nd2 Nbd7 16.Bf3 Qb6
17.Rad1 Rac8 18.e4 Qxd4 19.Ndb1 Qb6 20.Bxf6 Nxf6 21.Nxd5 Bxd5 22.exd5 Nd7
23.Nc3 f5 24.Ne2 Ne5 25.Nd4 Bc5 26.Ne6 Nd3 27.Rxd3 cxd3 28.Qxd3 Bd6 29.h4 Be5
30.Qd2 Qd6 31.Qg5 Qe7 32.b4 Qxg5 33.hxg5 Bd6 34.Ra1 Rc3 35.Kf1 Rec8 36.Ke2 Rc2+
37.Ke1 Rc1+ 38.Rxc1 Rxc1+ 39.Ke2 Kf7 40.Kd3 Ra1 41.Kd4 Rxa3 42.Nc5 Ke7 43.Nd3 Bb8
44.Bd1 Ba7+ 45.Nc5 Kd6 46.f4 a5  0-1

[Event "TCh-CAT 2012"]
[Site "Catalunya ESP"]
[Date "2012.02.11"]
[Round "3.2"]
[White "Alonso Garcia,R"]
[Black "Fluvia Poyatos,Joa"]
[Result "1/2-1/2"]
[WhiteElo "2360"]
[BlackElo "2490"]

1.d4 Nf6 2.c4 e6 3.Nf3 b6 4.a3 Bb7 5.Nc3 d5 6.cxd5 Nxd5 7.e3 Nd7 8.Bd3 Nxc3
9.bxc3 Bd6 10.e4 e5 11.O-O O-O 12.Bg5 f6 13.Be3 Qe7 14.Nd2 Kh8 15.a4 f5 16.exf5 e4
17.Bc2 Qh4 18.g3 Qh3 19.Bxe4 Bxe4 20.Nxe4 Qxf5 21.f3 Rae8 22.Qd2 Nf6 23.Nxd6 cxd6
24.Bf4 Qd7 25.Qd3  1/2-1/2

[Event "ch-Central Serbia 2012"]
[Site "Pozarevac SRB"]
[Date "2012.02.14"]
[Round "2.6"]
[White "Tosic,M"]
[Black "Marcetic,P"]
[Result "1-0"]
[WhiteElo "2435"]
[BlackElo "2247"]

1.d4 Nf6 2.c4 e6 3.Nf3 b6 4.a3 Bb7 5.Nc3 d5 6.cxd5 exd5 7.g3 Ne4 8.Bg2 Be7
9.O-O Nxc3 10.bxc3 Nd7 11.Qa4 a6 12.Bf4 b5 13.Qb3 O-O 14.a4 c6 15.Nd2 Nb6
16.a5 Nc4 17.Nxc4 dxc4 18.Qc2 Bd6 19.Bxd6 Qxd6 20.e4 Rad8 21.f4 Qc7 22.g4 Qe7
23.Rad1 Qh4 24.h3 Rd7 25.Qc1 h6 26.Qa3 Rfd8 27.Qc5 Qe7 28.Qxe7 Rxe7 29.Kf2 Red7
30.Ke3 Kf8 31.g5 hxg5 32.fxg5 g6 33.Rf6 Re7 34.Kf4 Kg7 35.e5 Rc7 36.Bf3 Rh8
37.Kg3 Bc8 38.h4 Be6 39.Rg1 Kf8 40.h5 gxh5 41.g6 h4+ 42.Kf4 Rg8 43.Bg4 Bd5
44.Bh3 Re7 45.Rg5 Rg7 46.Bf5 h3 47.Bxh3 Ke8 48.Bf5 fxg6 49.Bxg6+ Kd8 50.Rh5 Rg8
51.Rh6 Reg7 52.e6 Ke7 53.Ke5 b4 54.cxb4 c3 55.Bf5 Bb3 56.Rh3 c2 57.Rc3 Rb8
58.Rh6 Rb5+ 59.Kf4 Bd5 60.Bxc2 Rxb4 61.Ke5 Rb5 62.Rc5 Rb2 63.Rh8 Rg5+ 64.Bf5 Re2+
65.Kf4 Rg7 66.Rc2 Rxc2 67.Bxc2 Kxe6 68.Rh6+ Kd7 69.Bd3 Re7 70.Rh8 Kc7 71.Ra8 Kb7
72.Rxa6 Re1 73.Rb6+ Ka7 74.Rb4 Re7 75.Rb2 Rf7+ 76.Ke5 Re7+ 77.Kd6 Re3 78.Be2 Rc3
79.Kc7 Be4 80.Rb7+ Ka8 81.Rb6  1-0

[Event "ch-Central Serbia 2012"]
[Site "Pozarevac SRB"]
[Date "2012.02.17"]
[Round "6.5"]
[White "Sekulic,D"]
[Black "Savic,Miod1"]
[Result "0-1"]
[WhiteElo "2312"]
[BlackElo "2535"]

1.d4 Nf6 2.Nf3 b6 3.c4 e6 4.a3 d5 5.e3 Bb7 6.Nbd2 Be7 7.Bd3 O-O 8.O-O c5
9.b3 Nbd7 10.Bb2 Rc8 11.Qe2 Ne4 12.Rad1 Qc7 13.Ne5 cxd4 14.exd4 Nxd2 15.Rxd2 dxc4
16.Bxc4 Nxe5 17.dxe5 Qc6 18.f4 Rfd8 19.Rfd1 Rxd2 20.Rxd2 g6 21.h3 Rd8 22.Rxd8+ Bxd8
23.Kh2 Be7 24.Bb5 Qd5 25.Bc4 Qc6 26.Bb5 Qc8 27.Bc4 Kg7 28.a4 Bb4 29.Qf2 Qc6
30.Qe2 Qc5 31.Bc1 Bc3 32.Be3 Qc6 33.Bb5 Qe4 34.Bd3 Qb4 35.Bc4 Qa3 36.Bf2 Qc1
37.Be3 Qb1 38.Qd3 Qb2 39.Qe2 Qa1 40.Bf2 Bd4 41.Qd2 Bxf2 42.Qxf2 Qc3 43.Qg3 Qd2
44.f5 exf5 45.e6 f4 46.Qg5 f6 47.Qg4 h5 48.Qe2 Qxe2 49.Bxe2 Kf8 50.g3 f3
51.Bd3 f2 52.h4 Ke7 53.g4 hxg4 54.Kg3 Be4 55.Bf1 f5  0-1

[Event "TCh-CAT 2012"]
[Site "Catalunya ESP"]
[Date "2012.02.18"]
[Round "4.4"]
[White "Gual Pascual,A"]
[Black "Hernando Rodrigo,Ju"]
[Result "1-0"]
[WhiteElo "2437"]
[BlackElo "2323"]

1.d4 Nf6 2.c4 e6 3.Nf3 b6 4.a3 Bb7 5.Nc3 Be7 6.d5 O-O 7.g3 b5 8.dxe6 fxe6
9.cxb5 a6 10.Bg2 axb5 11.Nxb5 Ne4 12.O-O Ra5 13.a4 c6 14.Nc3 c5 15.Nxe4 Bxe4
16.Bd2 Ra6 17.a5 Nc6 18.Ra4 d5 19.Ne1 Bg6 20.e4 dxe4 21.Qe2 Ra8 22.Bc3 Nd4
23.Bxd4 cxd4 24.Bxe4 Be8 25.Ra1 Rxa5 26.Rxa5 Qxa5 27.Nd3 Bd6 28.Rc1 Bh5 29.Qc2 Kh8
30.Qc4 e5 31.Qe6 Rf6 32.Rc8+ Bf8 33.Qxe5 Qxe5 34.Nxe5 g6 35.Nd7 Rd6 36.Nxf8 Kg7
37.Bd3 Bf3 38.b4 Rf6  1-0

[Event "ch-POL 2012"]
[Site "Warsaw POL"]
[Date "2012.02.18"]
[Round "1"]
[White "Bartel,Mat"]
[Black "Olszewski,Mi"]
[Result "1-0"]
[WhiteElo "2658"]
[BlackElo "2539"]

1.d4 Nf6 2.c4 e6 3.Nf3 b6 4.a3 Ba6 5.Qc2 Bb7 6.Nc3 c5 7.dxc5 bxc5 8.Bf4 Be7
9.Rd1 O-O 10.e3 Qb6 11.Be2 d6 12.O-O h6 13.Rd2 Nh5 14.Bg3 Nxg3 15.hxg3 Rd8
16.Rfd1 Nd7 17.Ne1 Rab8 18.Nd3 Bc6 19.Bf3 Bxf3 20.gxf3 Qc6 21.e4 Bf6 22.Ne2 a5
23.b3 Bg5 24.f4 Bf6 25.Ndc1 Nb6 26.a4 h5 27.Na2 d5 28.cxd5 exd5 29.Nac3 dxe4
30.Nxe4 Rxd2 31.Rxd2 Be7 32.Nd4 Qc8 33.Nf3 Qf5 34.Ne5 Re8 35.Qd3 g6 36.Qb5 Rb8
37.Nc3 Bf6 38.Qxc5 h4 39.Qc7 Bxe5 40.Qxe5 Qxe5 41.fxe5 hxg3 42.f4 Kf8 43.Kg2 Ke7
44.Rd6 Nc8 45.Nd5+ Ke8 46.Nf6+ Ke7 47.Rc6 Kd8 48.Rc3 Ne7 49.Rd3+ Kc8 50.Kxg3 Nf5+
51.Kg4 Kc7 52.Kg5 Kc8 53.Rc3+ Kd8 54.Rd3+ Ke7 55.Rd7+ Ke6 56.Ra7 Nd4 57.Ra6+ Ke7
58.Nd5+ Ke8 59.Kf6 Rb7 60.Rxa5  1-0

[Event "ch-Central Serbia 2012"]
[Site "Pozarevac SRB"]
[Date "2012.02.19"]
[Round "9.10"]
[White "Sekulic,D"]
[Black "Bura,G"]
[Result "1-0"]
[WhiteElo "2312"]
[BlackElo "2222"]

1.d4 Nf6 2.c4 e6 3.Nf3 b6 4.a3 Ba6 5.e3 d5 6.Nbd2 c5 7.b3 Nbd7 8.Bb2 Be7
9.Bd3 O-O 10.O-O Rc8 11.Qe2 cxd4 12.exd4 Re8 13.Rad1 Bf8 14.Ne5 Bb7 15.f4 g6
16.Rc1 Rc7 17.Ndf3 Ne4 18.b4 f6 19.Nxd7 Qxd7 20.c5 Rb8 21.Nd2 Nxd2 22.Qxd2 Bc6
23.Qe2 bxc5 24.dxc5 Bg7 25.Rfe1 Kf7 26.b5 Rxb5 27.Bxb5 Bxb5 28.Qe3 Qc6 29.Rc2 Bc4
30.Rf2 Bf8 31.Bd4 Rb7 32.Qh3 h5 33.Qh4 Bg7 34.f5 exf5 35.Rxf5 gxf5 36.Qxh5+ Kf8
37.Qxf5 Re7 38.Rb1 Re8 39.h4 Qe6 40.Qf3 Ba6 41.Qg3 Qe4 42.Rd1 Be2 43.Rd2 Bh6
44.Qd6+ Kg8 45.Qxf6 Be3+ 46.Kh1 Bxd4 47.Rxd4 Qe5 48.Qg6+ Kf8 49.Qh6+ Ke7
50.Qh7+ Kd8 51.c6 Re7 52.Qg8+ Kc7 53.Rxd5 Qe4 54.Qd8+ Kxc6 55.Qd6+ Kb7  1-0

[Event "ch-POL 2012"]
[Site "Warsaw POL"]
[Date "2012.02.19"]
[Round "2"]
[White "Olszewski,Mi"]
[Black "Strzemiecki,Z"]
[Result "1/2-1/2"]
[WhiteElo "2539"]
[BlackElo "2402"]

1.d4 Nf6 2.c4 e6 3.Nf3 b6 4.a3 Bb7 5.Nc3 d5 6.Bg5 Be7 7.Bxf6 Bxf6 8.cxd5 exd5
9.g3 O-O 10.Bg2 Nc6 11.O-O Na5 12.Qc2 Re8 13.Rfd1 Qd7 14.Rac1 Rad8 15.Ne1 g6
16.e3 Kg7 17.Nd3 c6 18.a4 Nc4 19.b3 Nd6 20.a5 h5 21.Na4 h4 22.axb6 hxg3 23.hxg3 axb6
24.Nxb6 Qg4 25.Nc5 Bc8 26.Nxc8 Rxc8 27.Re1 Nf5 28.Qd1 Qg5 29.Qf3 Rh8 30.Nd7 Rc7
31.Nxf6 Qxf6 32.g4 Ne7 33.Qg3 Rb7 34.g5 Qf5 35.e4 dxe4 36.Rxe4 Nd5 37.Rxc6 Rhb8
38.Qh2 Rh8 39.Rh4 Rxb3 40.Rxh8 Rb1+ 41.Bf1 Qxg5+ 42.Qg2 Qxg2+ 43.Kxg2 Kxh8
44.Bc4 Ne7 45.Rf6 Rb4  1/2-1/2

[Event "TCh-ISR 2011-12"]
[Site "Israel ISR"]
[Date "2012.02.24"]
[Round "9.5"]
[White "Grossman,Michael"]
[Black "Botvinnik,M ISR"]
[Result "0-1"]
[WhiteElo "2282"]
[BlackElo "2307"]

1.d4 Nf6 2.c4 e6 3.Nf3 b6 4.a3 Bb7 5.Nc3 g6 6.Bg5 h6 7.Bxf6 Qxf6 8.e4 Bg7
9.Bd3 O-O 10.O-O d6 11.Qd2 Nd7 12.Rfe1 c5 13.e5 Qd8 14.d5 Nxe5 15.Nxe5 dxe5
16.dxe6 f5 17.Nd5 Re8 18.e7 Qd6 19.Qc2 e4 20.Bf1 Bd4  0-1

[Event "TCh-CZE Liga1 Vychod"]
[Site "Czech Rep CZE"]
[Date "2012.02.26"]
[Round "9"]
[White "Rubal,A"]
[Black "Zigo,V"]
[Result "0-1"]
[WhiteElo "2232"]
[BlackElo "2272"]

1.d4 Nf6 2.Nf3 b6 3.c4 e6 4.a3 Bb7 5.Nc3 Be7 6.d5 d6 7.e4 e5 8.Bd3 Nbd7 9.b4 O-O
10.O-O Ne8 11.Nd2 g6 12.Nb3 Ng7 13.Be3 f5 14.exf5 gxf5 15.f4 Bf6 16.fxe5 Bxe5
17.Nd4 Qh4 18.g3 Bxg3 19.Nf3 Bxh2+ 20.Kg2 Qg3+ 21.Kh1 Qh3 22.Nxh2 Qxe3 23.Rf3 Qe5
24.Qc2 Rf6 25.Rg1 Raf8 26.Rfg3 R8f7 27.Nf3 Rh6+ 28.Kg2 Qf6 29.Ng5 Re7 30.Kf1 Ne5
31.Ne6 Rg6 32.Ng5 Ng4 33.Ne6 Nxe6 34.dxe6 Qxe6  0-1

[Event "32nd TCh-IND w 2012"]
[Site "Panaji IND"]
[Date "2012.02.29"]
[Round "3"]
[White "Sachdev,T"]
[Black "Gomes,Mary"]
[Result "1/2-1/2"]
[WhiteElo "2411"]
[BlackElo "2377"]

1.d4 Nf6 2.c4 e6 3.Nf3 b6 4.a3 c5 5.d5 Ba6 6.dxe6 dxe6 7.Qc2 Nbd7 8.g3 Bb7
9.Bg2 Bd6 10.O-O O-O 11.Nc3 h6 12.b3 Qe7 13.Bb2 Ne5 14.e4 Nxf3+ 15.Bxf3 Be5
16.Rfe1 Nd7 17.Bg2 Bxc3 18.Qxc3 e5 19.Rad1 Rad8 20.Rd3 f6 21.f4 Rde8 22.Bf3 Qf7
23.Qd2 Nb8 24.Qe2 Nc6 25.Bh5 g6 26.Bf3 Rd8 27.Red1 Nd4 28.Bxd4 Rxd4 29.Rxd4 exd4
30.Qd3 Re8 31.Re1 Re7 32.Bg2 Qe8 33.e5 Bxg2 34.Kxg2 Qc6+ 35.Qf3 Qxf3+ 36.Kxf3 fxe5
37.fxe5 Kf7 38.Ke4 Ke6 39.b4 Rf7 40.bxc5 bxc5 41.Rb1 Rf5 42.Rb5 Rxe5+ 43.Kd3 Re3+
44.Kd2 Rxa3 45.Rxc5 Kd6 46.Rd5+ Kc6 47.Re5 h5 48.Rg5 Ra2+ 49.Kd3 Rxh2 50.Rxg6+ Kc5
51.Rg5+ Kc6 52.Kxd4  1/2-1/2

[Event "PriFO Champ RUS 2012"]
[Site "Tolyatti RUS"]
[Date "2012.02.29"]
[Round "3.9"]
[White "Isajevsky,A"]
[Black "Sanzhaev,D"]
[Result "1-0"]
[WhiteElo "2426"]
[BlackElo "2282"]

1.d4 Nf6 2.Nf3 e6 3.c4 b6 4.a3 Bb7 5.Nc3 d5 6.Bg5 Be7 7.e3 h6 8.Bxf6 Bxf6
9.cxd5 exd5 10.Rc1 O-O 11.Bd3 a6 12.Bb1 Re8 13.Qd3 g6 14.h4 h5 15.g4 hxg4
16.h5 gxf3 17.hxg6 Bg7 18.gxf7+ Kxf7 19.Qg6+ Kf8 20.Rh5 Nd7 21.Nxd5 Bxd5
22.Rxd5 c5 23.Qd6+ Qe7 24.Qxd7 Qxd7 25.Rxd7 Bxd4 26.Ba2 Bxb2 27.Rf7+ Kg8
28.Rb7+ Kf8 29.Rf7+ Kg8 30.Rxf3+ Kh8 31.Rb1 Bxa3 32.Ke2 Re7 33.Bf7 Rxf7 34.Rxf7 b5
35.Rb3 Bb4 36.Rb7 Kg8 37.f4 Ba5 38.Ra3 Bb4 39.Ra2 Re8 40.Rxa6 c4 41.Rxb5 c3
42.Rxb4 c2 43.Ra1  1-0

[Event "2nd HD Bank Cup 2012"]
[Site "Ho Chi Minh City VIE"]
[Date "2012.03.02"]
[Round "2.29"]
[White "Dao Thien Hai"]
[Black "Le Hoang Tran Chau"]
[Result "1-0"]
[WhiteElo "2516"]
[BlackElo "2093"]

1.d4 Nf6 2.c4 e6 3.Nf3 b6 4.a3 Bb7 5.Nc3 Be7 6.d5 d6 7.g3 O-O 8.Bg2 e5 9.O-O Nbd7
10.b3 Ne8 11.e4 g6 12.Ne1 Ng7 13.Nd3 f5 14.Bd2 Bf6 15.Qc2 Bc8 16.b4 a5 17.f3 Bb7
18.Nb5 axb4 19.axb4 Ba6 20.Na3 Bg5 21.Rfe1 Bxd2 22.Qxd2 Qf6 23.Ra2 f4 24.g4 h5
25.h3 hxg4 26.hxg4 Kf7 27.Rea1 Rab8 28.Qc2 Rh8 29.Qa4 Bc8 30.Nb5 Qd8 31.Na7 Bb7
32.Nc6 Bxc6 33.Qxc6 Ne8 34.Ra7 Ke7 35.c5 bxc5 36.bxc5 Nxc5 37.Nxc5 dxc5 38.Qe6+ Kf8
39.Qxe5 Rh7 40.Qxf4+ Kg8 41.R7a6 Rb6 42.Ra8 Rb8 43.Rxb8 Qxb8 44.e5  1-0

[Event "TCh-AUT 2 Mitte 2011-12"]
[Site "St. Veit AUT"]
[Date "2012.03.02"]
[Round "7"]
[White "Steiner,Stef"]
[Black "Titz,Hei"]
[Result "1-0"]
[WhiteElo "2272"]
[BlackElo "2202"]

1.d4 Nf6 2.Nf3 e6 3.c4 b6 4.a3 c5 5.d5 Ba6 6.Qc2 exd5 7.cxd5 g6 8.Nc3 Bg7
9.g3 O-O 10.Bg2 d6 11.O-O Nbd7 12.Bf4 Qe7 13.Rfe1 Ng4 14.Qa4 Bb7 15.Bg5 Ngf6
16.Qh4 Rfe8 17.Nb5 Qf8 18.Bf4 Ne5 19.Nc7 Nfd7 20.Nxe8 Rxe8 21.Nxe5 Nxe5 22.Bxe5 Bxe5
23.Rab1 b5 24.Qg5 a5 25.Qd2 b4 26.axb4 axb4 27.Ra1 Qg7 28.Reb1 Rb8 29.Bh3 Bc8
30.Bxc8 Rxc8 31.Ra7 g5 32.b3 Qg6 33.Rd1 Kg7 34.Qd3 h5 35.Kg2 Rh8 36.Qxg6+ Kxg6
37.Ra6 Kf5 38.f3 f6 39.e3 Rd8 40.e4+ Kg6 41.Rd2 f5 42.exf5+ Kxf5 43.Re2 Rd7
44.Ra8 c4 45.bxc4 Rc7 46.Rf8+ Kg6 47.Rxe5 dxe5 48.d6 Rb7 49.Ra8 b3 50.Ra1 Kf6
51.c5 Rb5 52.d7 Ke7 53.c6 b2 54.Ra8 Rd5 55.c7 Rd2+ 56.Kh3 Rxd7 57.c8=Q b1=Q
58.Qe8+ Kd6 59.Ra6+ Kc7 60.Ra7+ Kb6 61.Qb8+  1-0

[Event "2nd HD Bank Cup 2012"]
[Site "Ho Chi Minh City VIE"]
[Date "2012.03.04"]
[Round "5.7"]
[White "Nguyen Thien Viet"]
[Black "Nolte,R"]
[Result "1/2-1/2"]
[WhiteElo "2265"]
[BlackElo "2456"]

1.d4 Nf6 2.c4 e6 3.Nf3 b6 4.a3 Bb7 5.Nc3 d5 6.cxd5 Nxd5 7.e3 Be7 8.Bb5+ c6
9.Bd3 O-O 10.O-O c5 11.e4 Nxc3 12.bxc3 Qc7 13.Qe2 Nd7 14.Bb2 Rfd8 15.d5 exd5
16.exd5 Bf6 17.c4 Re8 18.Qc2 Bxb2 19.Qxb2 Qf4 20.Rfe1 Ba6 21.Qc2 Nf6 22.Qa4 Rxe1+
23.Rxe1 Bb7 24.Qb3 Kf8 25.h3 Re8 26.Rd1 h6 27.Bf1 Ne4 28.Bd3 Nd6 29.Qc2 Re7
30.Bf1 Kg8  1/2-1/2

[Event "2nd HD Bank Cup 2012"]
[Site "Ho Chi Minh City VIE"]
[Date "2012.03.06"]
[Round "8.30"]
[White "Pham Chuong"]
[Black "Aron,Teh Eu Wen"]
[Result "1-0"]
[WhiteElo "2398"]
[BlackElo "1900"]

1.d4 Nf6 2.Nf3 e6 3.c4 b6 4.a3 Bb7 5.Nc3 d5 6.Bg5 Be7 7.e3 O-O 8.Bd3 Nbd7
9.O-O dxc4 10.Bxc4 Ne4 11.Bf4 Bd6 12.Bg3 Nxg3 13.hxg3 c5 14.d5 exd5 15.Bxd5 Bxd5
16.Qxd5 Nf6 17.Qf5 Qc8 18.Qd3 Qc6 19.e4 Rad8 20.e5 Bb8 21.Qc4 Nd5 22.Nb5 a6
23.Nbd4 Qc8 24.Nb3 Nc7 25.Nbd2 Ne6 26.Rfe1 b5 27.Qh4 c4 28.Ne4 Nc5 29.Nxc5 Qxc5
30.Re4 Ba7 31.Rf1 Qb6 32.Rg4 Rfe8 33.Ng5 h6 34.Nf3 Re6 35.Qh5 Rg6 36.Rf4 Rf8
37.Kh2 a5 38.Qf5 Qe6 39.Qe4 Qc6 40.Qe2 Re6 41.a4 b4 42.Rxc4 Qxa4 43.Nh4 Qb3
44.Nf5 Kh7 45.f4 Bb6 46.Nd6 f5 47.Rf3 Qa2 48.Rf1 Qb3 49.Rf3 Qa2 50.Rc6 Bd4
51.Qd3 Bxb2 52.Rc7 Rg6 53.Nxf5 Kh8 54.Nh4 Rb6 55.Ng6+ Rxg6 56.Qxg6 Rg8 57.Rd3 Qb1
58.Rxg7  1-0

[Event "Reykjavik Open"]
[Site "Reykjavik ISL"]
[Date "2012.03.07"]
[Round "2.42"]
[White "Skien,H"]
[Black "Kjartansson,G"]
[Result "0-1"]
[WhiteElo "2121"]
[BlackElo "2357"]

1.c4 Nf6 2.d4 e6 3.Nf3 b6 4.a3 Bb7 5.Nc3 d5 6.cxd5 Nxd5 7.Qc2 Be7 8.e4 Nxc3
9.bxc3 O-O 10.Bd3 c5 11.O-O Qc8 12.Qe2 Ba6 13.Be3 Bxd3 14.Qxd3 c4 15.Qe2 Nd7
16.a4 a6 17.Rfb1 Qc7 18.g3 Qc6 19.d5 exd5 20.exd5 Qxd5 21.Bxb6 Rfe8 22.Rd1 Qc6
23.Be3 Bf6 24.Nd4 Bxd4 25.Rxd4 Ne5 26.Rf4 Rab8 27.Bd4 Ng6 28.Qf3 Qe6 29.Rf5 Red8
30.h4 Rb3 31.h5 Ne7 32.Re5 Qd7 33.Bc5 Nc6 34.Re3 h6 35.Rae1 f6 36.Qe4 Qd5
37.Be7 Qxe4 38.Rxe4 Rd7 39.Bb4 Nxb4 40.cxb4 Rxb4 41.Re8+ Kf7 42.Rc8 Rxa4
43.Re4 Ra7 44.Kf1 a5 45.g4 Rb4 46.g5 fxg5 47.Rc5 Re7 48.Rd4 c3 49.Rdd5 Rh4
50.Rf5+ Kg8 51.Rxc3 Ra7 52.Rc8+ Kh7 53.Rff8 Rxh5 54.Rh8+ Kg6 55.Rc6+ Kf7
56.Rb8 a4 57.Rb2 a3 58.Ra2 Rh3  0-1

[Event "Reykjavik Open"]
[Site "Reykjavik ISL"]
[Date "2012.03.07"]
[Round "2.16"]
[White "Jensson,E"]
[Black "Steingrimsson,H"]
[Result "1/2-1/2"]
[WhiteElo "2245"]
[BlackElo "2556"]

1.d4 Nf6 2.c4 e6 3.Nf3 b6 4.a3 Ba6 5.Qc2 Bb7 6.Nc3 c5 7.e4 cxd4 8.Nxd4 Bc5
9.Nb3 Nc6 10.Bg5 Nd4 11.Nxd4 Bxd4 12.Nb5 Be5 13.f4 Bb8 14.e5 h6 15.Bxf6 gxf6
16.Nd6+ Bxd6 17.exd6 f5 18.Qc3 Rg8 19.Rg1 Qh4+ 20.g3 Qxh2 21.Qf6 Kf8 22.O-O-O Be4
23.Bg2 Bxg2 24.Rxg2 Qxg2 25.Qxh6+ Rg7 26.Qh8+ Rg8 27.Qh6+  1/2-1/2

[Event "50th TCh-DEN XtraCon 2011-12"]
[Site "Denmark DEN"]
[Date "2012.03.10"]
[Round "8.2"]
[White "Pedersen,Stef"]
[Black "Pedersen,NicV"]
[Result "1-0"]
[WhiteElo "2431"]
[BlackElo "2460"]

1.d4 Nf6 2.Nf3 e6 3.c4 b6 4.a3 Bb7 5.Nc3 d5 6.cxd5 Nxd5 7.Qc2 Nxc3 8.bxc3 Be7
9.e4 Nd7 10.Bd3 c5 11.O-O Qc7 12.Qe2 O-O 13.Rd1 Rae8 14.a4 c4 15.Bc2 e5 16.a5 b5
17.a6 Ba8 18.dxe5 Nxe5 19.Bf4 Nxf3+ 20.Qxf3 Qc6 21.Qh3 h6 22.Rd5 Bc5 23.Qf5 g6
24.Qg4 f5 25.Qg3 fxe4 26.Rxc5 Qxc5 27.Qxg6+ Kh8 28.Qxh6+ Kg8 29.Qg6+ Kh8
30.Be3 Qf5 31.Bd4+ Re5 32.Qg3 Re8 33.f4  1-0

[Event "European Ind w 2012"]
[Site "Gaziantep TUR"]
[Date "2012.03.12"]
[Round "10"]
[White "Manakova,M"]
[Black "Bojkovic,N"]
[Result "1/2-1/2"]
[WhiteElo "2315"]
[BlackElo "2395"]

1.d4 Nf6 2.c4 e6 3.Nf3 b6 4.a3 Bb7 5.Nc3 d5 6.cxd5 Nxd5 7.Qc2 Be7 8.e4 Nxc3
9.bxc3 O-O 10.Bd3 c5 11.O-O Qc7 12.Qe2 Nd7 13.a4 Rac8 14.a5 bxa5 15.Bd2 Nb8
16.e5 Bxf3 17.Qxf3 Nc6 18.Qe4 g6 19.Bb5 Rfd8 20.Bxc6 Qxc6 21.Qxc6 Rxc6 22.Rxa5 cxd4
23.cxd4 Rxd4 24.Be3 Rdc4 25.Rxa7 Rc7 26.Rxc7 Rxc7 27.Rc1 Rxc1+ 28.Bxc1 Bc5
29.Kf1 Bd4 30.f4 Kg7 31.Ke2 f6 32.exf6+ Kxf6 33.g4 h5 34.h3 hxg4 35.hxg4 e5
36.fxe5+ Bxe5 37.Kf3 Bc3 38.Ke4 Ke6 39.Be3 Be5 40.Bd2 Bc7 41.Bc3 Bd6 42.Bd4  1/2-1/2

[Event "Nis Open 2012"]
[Site "Nis SRB"]
[Date "2012.03.17"]
[Round "7"]
[White "Dimitrijevic,Sr"]
[Black "Maksimovic,Br"]
[Result "1/2-1/2"]
[WhiteElo "2306"]
[BlackElo "2457"]

1.d4 e6 2.Nf3 Nf6 3.c4 b6 4.a3 Ba6 5.Qc2 c5 6.dxc5 Bxc5 7.Bf4 O-O 8.e3 Be7
9.h3 Nc6 10.Nc3 Rc8 11.Qa4 Na5 12.Nb5 Ne4 13.Rd1 Bf6 14.Qb4 d5 15.cxd5 exd5
16.Nfd4 g6 17.Be2 Be7 18.Qa4 Nc5 19.Qc2 Ne6 20.Qa4 Nxf4 21.exf4 Bf6 22.O-O Bg7
23.b4 Bxb5 24.Nxb5 Nc4 25.Qxa7 Ra8 26.Qb7 Nxa3 27.Nxa3 Rxa3 28.Qxd5 Qe7 29.Bc4 Qxb4
30.Rb1 Qc5 31.Qxc5 bxc5 32.Rfc1 Ra7 33.Rc2 Bd4 34.g3 Rc8 35.Kg2 Kg7 36.Rb6 Rcc7
37.Kf3 Ra4 38.Kg2 Rb4 39.Rd6 Ra7 40.Bd5 Rb2 41.Rxb2 Bxb2 42.Rc6 Bd4 43.Rb6 Rd7
44.Bc4 Bf6 45.Rc6 Be7 46.Kf3 Rd4 47.Rc7 Kf6 48.Ba2 Rd3+ 49.Ke2 Rd4 50.Bb3  1/2-1/2

[Event "13th EICC"]
[Site "Plovdiv BUL"]
[Date "2012.03.22"]
[Round "3.33"]
[White "Manolache,M"]
[Black "Sargissian,G"]
[Result "1/2-1/2"]
[WhiteElo "2561"]
[BlackElo "2674"]

1.d4 Nf6 2.c4 e6 3.Nf3 b6 4.a3 Bb7 5.Nc3 d5 6.e3 Be7 7.Qa4+ c6 8.cxd5 exd5
9.Qc2 O-O 10.Bd3 c5 11.O-O c4 12.Be2 Nc6 13.Bd2 a6 14.Rad1 Bd6 15.Nh4 Re8
16.g3 b5 17.Bf3 Na5 18.Bg2 Nb3 19.Be1 g6 20.Na2 a5 21.Nc1 Nxc1 22.Qxc1 b4
23.axb4 axb4 24.Nf3 Qe7 25.Ne5 Nd7 26.e4 Bxe5 27.dxe5 Nxe5 28.exd5 Nd3 29.Qxc4 Nxb2
30.Qxb4 Qxb4 31.Bxb4 Nxd1 32.Rxd1 Rad8 33.d6 Bxg2 34.d7 Bh3 35.dxe8=Q+ Rxe8
36.Bc3 h6 37.f3 Kh7 38.Kf2 Rc8 39.Rc1 Be6 40.Bb2 Rxc1 41.Bxc1  1/2-1/2